<?xml version="1.0" encoding="UTF-8"?>
<record
    xmlns:xsi="http://www.w3.org/2001/XMLSchema-instance"
    xsi:schemaLocation="http://www.loc.gov/MARC21/slim http://www.loc.gov/standards/marcxml/schema/MARC21slim.xsd"
    xmlns="http://www.loc.gov/MARC21/slim">

  <leader>00741cam a22002535i 4500</leader>
  <datafield tag="999" ind1=" " ind2=" ">
    <subfield code="c">7833</subfield>
    <subfield code="d">7833</subfield>
  </datafield>
  <controlfield tag="001">991060543413006706</controlfield>
  <controlfield tag="003">OSt</controlfield>
  <controlfield tag="005">20240610135720.0</controlfield>
  <controlfield tag="008">220513s2022    sp |||||-|||||0|| e-spa|c</controlfield>
  <datafield tag="017" ind1=" " ind2=" ">
    <subfield code="a">DL M-33301-2021</subfield>
    <subfield code="b">Oficina DL Madrid</subfield>
  </datafield>
  <datafield tag="020" ind1=" " ind2=" ">
    <subfield code="a">9788441544871</subfield>
  </datafield>
  <datafield tag="040" ind1=" " ind2=" ">
    <subfield code="b">cat</subfield>
    <subfield code="e">rda</subfield>
    <subfield code="a">ES-BaUAB</subfield>
    <subfield code="c">CDMR</subfield>
  </datafield>
  <datafield tag="100" ind1="1" ind2=" ">
    <subfield code="a">Cano Molina, Emilio,</subfield>
  </datafield>
  <datafield tag="245" ind1="1" ind2="0">
    <subfield code="a">Podcasting :</subfield>
    <subfield code="b">as&#xED; lo hago yo y as&#xED; lo puedes hacer t&#xFA; /</subfield>
    <subfield code="c">Emilio Cano</subfield>
  </datafield>
  <datafield tag="264" ind1=" " ind2="1">
    <subfield code="a">Madrid :</subfield>
    <subfield code="b">Anaya Multimedia ,</subfield>
    <subfield code="c">2022</subfield>
  </datafield>
  <datafield tag="300" ind1=" " ind2=" ">
    <subfield code="a">264 p&#xE0;gines ;</subfield>
    <subfield code="c">23 cm</subfield>
  </datafield>
  <datafield tag="504" ind1=" " ind2=" ">
    <subfield code="a">&#xCD;ndex</subfield>
  </datafield>
  <datafield tag="650" ind1=" " ind2="7">
    <subfield code="a">R&#xE0;dio</subfield>
    <subfield code="x">Producci&#xF3; i direcci&#xF3;.</subfield>
    <subfield code="2">lemac</subfield>
  </datafield>
  <datafield tag="650" ind1=" " ind2="7">
    <subfield code="a">Podc&#xE0;sting.</subfield>
    <subfield code="2">lemac</subfield>
  </datafield>
  <datafield tag="650" ind1=" " ind2="0">
    <subfield code="a">Radiodifusi&#xF3; digital</subfield>
    <subfield code="9">4340</subfield>
  </datafield>
  <datafield tag="908" ind1=" " ind2=" ">
    <subfield code="a">UAB</subfield>
  </datafield>
  <datafield tag="940" ind1=" " ind2=" ">
    <subfield code="a">UAB</subfield>
  </datafield>
  <datafield tag="942" ind1=" " ind2=" ">
    <subfield code="2">udc</subfield>
    <subfield code="c">MON</subfield>
  </datafield>
  <datafield tag="952" ind1=" " ind2=" ">
    <subfield code="0">0</subfield>
    <subfield code="1">0</subfield>
    <subfield code="4">0</subfield>
    <subfield code="7">0</subfield>
    <subfield code="a">CDMR</subfield>
    <subfield code="b">CDMR</subfield>
    <subfield code="d">2024-01-08</subfield>
    <subfield code="e">Donaci&#xF3;</subfield>
    <subfield code="g">22.95</subfield>
    <subfield code="l">0</subfield>
    <subfield code="o">Eq /15</subfield>
    <subfield code="p">CDMR22070005</subfield>
    <subfield code="r">2024-01-08</subfield>
    <subfield code="w">2024-01-08</subfield>
    <subfield code="y">MON</subfield>
  </datafield>
</record>
